000 00580nam a2200205 a 4500
001 BRCA_6704
005 20190320205548.0
008 181011s1948----au-ab#####---#000-0#ger-#
041 _ager
044 _aau
245 1 0 _aDas Österreich-Buch
_bherausgegeben Ernst Marboe
260 _aViena
_bOsterreichen Staatsdruckerei
_c1948
300 _axiii, xviii-xxxi, 544 p.
_bil., mapas
_c20 cm.
500 _aCon dedicatoria a Franz Mayer
500 _aI85
651 4 _aAustria
_xCivilización
_916759
700 1 _aMarboe, Ernst
_eEditor
_916760
902 _aGFM
942 _2lcc
_cB
999 _c6387
_d6387